| 000 | 00447nam a2200205Ia 4500 | ||
|---|---|---|---|
| 001 | 109497 | ||
| 003 | YMCAF | ||
| 005 | 20230512162353.0 | ||
| 008 | 100717s2004 ||||||||||||||||| ||und|d | ||
| 024 | _a109497 | ||
| 035 | _aWB484 | ||
| 040 |
_aYMCAF _beng _cIN-KoLT |
||
| 041 | _aeng | ||
| 082 |
_a621.402 _b1 JON |
||
| 100 | _aJones, J B | ||
| 245 | 0 | _aEngineering Thermodynamics | |
| 260 |
_bPHI _c2004 |
||
| 300 | _a1000 | ||
| 942 |
_2ddc _cBK |
||
| 999 |
_c11483 _d11483 |
||